| 000 | 00853nam a22002417a 4500 | ||
|---|---|---|---|
| 003 | LK-CoMWRAF | ||
| 005 | 20240315154641.0 | ||
| 008 | 230929b2009 |||||||| |||| 00| 0 eng d | ||
| 020 | _a9789550168002 | ||
| 040 |
_aLK-CoMWRAF _dLK-CoMWRAF _eLK-CoMWRAF |
||
| 041 | _aeng | ||
| 082 |
_a361.76 _bGUN |
||
| 100 | _aGunawardana, Michelle | ||
| 245 |
_aAn Enduring friendship : _bThe Asia foundation celebrates five decades in Sri Lanka |
||
| 260 |
_aColombo : _bAsia foundation, _c2009 |
||
| 300 | _a 112 p. : ill. (some col.) ; 30 cm. | ||
| 650 | _aAsia Foundation (Sri Lanka)--History. | ||
| 650 | _aEconomic development projects--Sri Lanka | ||
| 650 | _aSri Lanka--Economic conditions--20th century | ||
| 650 | _aSri Lanka--Social conditions--20th century. | ||
| 856 | _uhttps://docplayer.net/84498591-An-enduring-friendship.html | ||
| 942 | _cBK | ||
| 999 |
_c3740 _d3740 |
||